000 00367nam a2200157Ia 4500
005 20250425161617.0
008 250425s9999 xx 000 0 und d
041 _aeng
082 _a621.38152
245 0 _aSRC MANUAL; INCLUDING TRIACS AND OTHER THYRYS
250 _aS.E.
260 _aS.L.
260 _aSin Pais
_bGEEL
_c1972
942 _c01
010 _a24205
999 _c212548
_d212548